000 nam a22 7a 4500
999 _c7803
_d7803
008 171016b xxu||||| |||| 00| 0 eng d
100 _aGupta V k
_94280
245 _aMathematics a Tectbook for CBSE XII
260 _aNew Delhi
_bSultan chand Publishers
_c2017